00411pab a2200133 454500008004000000100001600040245012800056260000900184300001500193362001100208650002000219700001800239773002000257180718b2008 xxu||||| |||| 00| 0 eng d aPatil, M.R. aKey components and their significance in formulating effective research proposals in social sciences and allied disciplines c2008 ap.7-12,17. a25 Feb aSocial research aArolkar, D.B. aUniversity News